Zabezpečovacie opatrenie podľa civilného sporového poriadku
Právna úprava zabezpečovacieho opatrenia ako inštitútu implementovaného novým procesným kódexom súkromného práva v Slovenskej republike.
Saved in:
| Main Author: | |
|---|---|
| Format: | Book Chapter |
| Language: | Slovak |
| Subjects: | |
| Tags: |
No Tags, Be the first to tag this record!
|
MARC
| LEADER | 00000naa a2200000 4500 | ||
|---|---|---|---|
| 001 | 0240941 | ||
| 005 | 20250729111823.3 | ||
| 041 | 0 | |a slo | |
| 044 | |a SK | ||
| 245 | 1 | 0 | |a Zabezpečovacie opatrenie podľa civilného sporového poriadku |c Peter Koromház |
| 520 | |a Právna úprava zabezpečovacieho opatrenia ako inštitútu implementovaného novým procesným kódexom súkromného práva v Slovenskej republike. | ||
| 610 | 2 | 0 | |a právo súkromné |
| 610 | 2 | 0 | |a úpravy právne |
| 610 | 2 | 0 | |a Slovensko |
| 610 | 2 | 0 | |a exekúcia |
| 610 | 2 | 0 | |a poplatky súdne |
| 100 | 1 | |a Koromház, Peter | |